| 000 | 00672nam a2200205 i 4500 | ||
|---|---|---|---|
| 001 | 128853 | ||
| 003 | ES-MaACL | ||
| 005 | 20230906193356.0 | ||
| 007 | t| | ||
| 008 | 070529s1963 sp ||||1| spa d | ||
| 080 | _a940.42 | ||
| 100 | 1 |
_aTaylor, A. J. P. _9109432 |
|
| 245 | 1 | 4 |
_aLos orígenes de la segunda Guerra Mundial / _cA.J.P. Taylor ; [versión española de Luis del Castillo Aragón]. |
| 250 | _a[1ª ed.]. | ||
| 260 |
_aBarcelona : _bLuis de Caralt, _c1963. |
||
| 300 |
_a372 p. ; _c20 cm. |
||
| 650 | 1 | 4 |
_aGuerra mundial, 1939-1945- _xCausas y antecedentes. _913236 |
| 700 | 1 |
_aCastillo Aragón, Luis del. _936726 |
|
| 852 |
_aES-MaACL _jC-24889 _bR.53627 |
||
| 999 |
_c128853 _d128853 |
||